| 000 | 00884nas a2200301 4500 | ||
|---|---|---|---|
| 001 | BR2016003698 | ||
| 003 | BR-BrBNA | ||
| 005 | 20231205130546.0 | ||
| 007 | ta | ||
| 008 | 230509b bl.|||p| |||| 00| 00por d | ||
| 040 |
_aBR-BrBNA _bpor _cBiblioteca Nacional de Agricultura |
||
| 041 | _a(Pt) | ||
| 072 | _aH10; P01 | ||
| 100 | 1 | _aVieira, L. | |
| 100 | 1 | _aLopes, F.S. | |
| 100 | 1 | _aFernandes, W.D. | |
| 100 | 1 | _aRaizer, J. | |
| 245 | 1 | _aComunidade de carabidae (Coleoptera)em manchas florestais no Pantanal, Mato Grosso do Sul, Brasil | |
| 650 | _aBESOURO | ||
| 650 | _aFLORESTA | ||
| 650 | _aVEGETAÇÃO | ||
| 650 | _aPLANÍCIE | ||
| 650 | _aESPÉCIE | ||
| 650 | _aINUNDAÇÃO | ||
| 773 | 0 |
_tIheringia. Série Zoologia (Brazil) _xISSN 0073-4721 _g(Sep 2008), v. 98(3) p. 317-324 _wBR2016003698 |
|
| 909 |
_a202311 _bLúcia _c55 _dLúcia Elande |
||
| 942 |
_2AGRIS _n0 _cANA |
||
| 999 |
_c250099 _d250099 |
||